| 000 | 00691nam a2200193Ia 4500 | ||
|---|---|---|---|
| 020 | _a0618153993 : | ||
| 040 | _cJQJ | ||
| 082 | _a823 HOU 2001 A093 Or. | ||
| 100 | 1 | _aTolkien, J. R. R. | |
| 245 | 1 | 4 |
_aThe two towers : _bbeing the second part of The Lord of the rings / |
| 260 |
_aBoston, Mass. : _bHoughton Mifflin, _c[2001], c1994 |
||
| 300 |
_a352 p. : _bfolded map ; _c23 cm. |
||
| 490 | 1 | _aThe Lord of the rings ; | |
| 500 | _aFolded map tipped in. | ||
| 500 | _a"The text of this edition conforms to the standard Houghton Mifflin hardcover edition published in 1988"--t.p. verso | ||
| 650 | 0 | _aMiddle Earth (Imaginary place) | |
| 650 | 0 | _aFantasy fiction, English. | |
| 942 | _cEK | ||
| 999 |
_c13599 _d13599 |
||